000 00347nam a2200145Ia 4500
003 OSt
005 20240207150507.0
008 170523s9999 xx 000 0 und d
020 _a ‎ 978-0070500105
040 _ciimt university meerut
100 _aMYERS- PIGORS
245 0 _aPERSONAL ADMINISTRATION
260 _bMC GRAW HILL
942 _2ddc
_c02
999 _c392
_d392